000 00506pab a2200157 454500
008 180718b2011 xxu||||| |||| 00| 0 eng d
100 _aLin, George C.S. et al
245 _aPlacing technological innovation in globalising China: Production linkage, knowledge exchange and innovative performance of the ICT industry in a developing economy
260 _c2011
300 _ap.2999-3018.
362 _aNov
650 _aScientific innovations
773 _aUrban Studies
908 _aN
909 _a94407
999 _c94407
_d94407